|
|
|
|
| LEADER |
00720pam a22002298a 4500 |
| 001 |
00037634 |
| 005 |
20171026081025.0 |
| 008 |
170513s2004 ||||||Viesd |
| 041 |
0 |
# |
|a Vie
|
| 082 |
1 |
4 |
|a 891
|b V115H
|
| 100 |
1 |
# |
|a Lưu, Đức Trung
|
| 245 |
1 |
0 |
|a Văn học Ấn Độ
|c Lưu Đức Trung
|
| 250 |
# |
# |
|a Tái bản lần thứ năm
|
| 260 |
# |
# |
|a Hà Nội
|b Giáo dục
|c 2004
|
| 300 |
# |
# |
|a 1857 tr.
|c 21 cm
|
| 653 |
# |
# |
|a Văn học Ấn Độ
|
| 852 |
# |
# |
|b Kho đọc
|j KD.0022241
|
| 852 |
# |
# |
|j KD.0022241
|j KM.0023049
|
| 852 |
# |
# |
|j KM.0023049
|b Kho mượn
|
| 910 |
|
|
|d 13/05/2017
|
| 980 |
# |
# |
|a Trung tâm Học liệu Lê Vũ Hùng, Trường Đại học Đồng Tháp
|